| Tag |
First Indicator |
Second Indicator |
Subfields |
| LEADER |
00000cem a2200000 a 4500 |
| 001 |
in00002460139 |
| 005 |
20151110094931.0 |
| 007 |
aj canzn |
| 007 |
cr ||||||||||| |
| 008 |
050811s2005 dcu cc a f 0 eng |
| 010 |
|
|
|a 2005632021
|
| 029 |
1 |
|
|a AU@
|b 000028082481
|
| 034 |
1 |
|
|a a
|b 3500000
|
| 035 |
|
|
|a (OCoLC)ocm61275869
|
| 035 |
|
|
|a (OCoLC)61275869
|
| 040 |
|
|
|a DLC
|c DLC
|d GPO
|d MNM
|d UtOrBLW
|
| 049 |
|
|
|a TXAM
|
| 050 |
0 |
0 |
|a G7906.F7 2005
|b .U5
|
| 052 |
|
|
|a 7906
|
| 074 |
|
|
|a 0856-A-01
|
| 086 |
0 |
|
|a PREX 3.10/4:K 84/31
|
| 110 |
1 |
|
|a United States.
|b Central Intelligence Agency.
|
| 245 |
1 |
0 |
|a North Korea administrative divisions.
|
| 255 |
|
|
|a Scale [ca. 1:3,500,000] ;
|b Lambert conformal conic proj., SP 38 00 N/42 30 N.
|
| 264 |
|
1 |
|a [Washington, D.C.] :
|b [Central Intelligence Agency],
|c [2005]
|
| 300 |
|
|
|a 1 map :
|b color ;
|c 21 x 17 cm.
|
| 336 |
|
|
|a cartographic image
|b cri
|2 rdacontent
|
| 337 |
|
|
|a computer
|b c
|2 rdamedia
|
| 338 |
|
|
|a online resource
|b cr
|2 rdacarrier
|
| 500 |
|
|
|a "Base 803109AI (C00700) 5-05."
|
| 500 |
|
|
|a Shipping list number: 2006-0033-P.
|
| 530 |
|
|
|a Available also through the Library of Congress Web site as a raster image.
|
| 500 |
|
|
|a Cartographic material.
|
| 651 |
|
0 |
|a Korea (North)
|x Administrative and political divisions
|v Maps.
|
| 752 |
|
|
|a Korea (North).
|
| 856 |
4 |
1 |
|u http://hdl.loc.gov/loc.gmd/g7906f.ct001510
|t 0
|
| 994 |
|
|
|a C0
|b TXA
|
| 948 |
|
|
|a cataloged
|b h
|c 2009/4/21
|d c
|e jlanham
|f 10:22:57 am
|
| 999 |
|
|
|a MARS
|
| 999 |
f |
f |
|s f54ca498-5bea-3114-a3aa-5926c4dc9c6e
|i 39d0ea2a-2a9f-3ab3-88d1-ba88cb93fc4d
|t 0
|
| 952 |
f |
f |
|p normal
|a Texas A&M University
|b College Station
|c Sterling C. Evans Library
|d Evans: Maps (2nd floor)
|t 0
|e G7906.F7 2005 .U5
|h Library of Congress classification
|i computer -- online resource
|m A14836427423
|
| 998 |
f |
f |
|a G7906.F7 2005 .U5
|t 0
|l Evans: Maps (2nd floor)
|